000
00257nam a22001097a 4500
082
_a
621 WAL
100
_a
EALKER,J.D
_9
57252
245
_a
NATIONAL CERTIFICATE MECHANICAL ENGINEERING SCIENCE
260
_a
LONDON
_b
PDF
_c
1965
300
_a
395P
942
_c
BK
999
_c
567545
_d
567545